000 00719nam a22002177a 4500
003 UA-OsUOA
001 56590
007 ta
008 20081104b un ||||| |||| 00| 0 ukr d
100 _aПалєєв С.
090 _a330
_bП14
942 _cSA
040 _aUA-OsUOA
_bukr
_cUA-OsUOA
_dUA-OsUOA
245 _aМеханізм оподаткування субєктів підприємництва, що функціонують у статусі "самозайнята особа"
300 _aС.52
955 _a0
041 _aukr
080 _a330
773 0 _w56587
_tБухгалтерський облік і аудит
_dК.
_d2008
_g10
650 7 _a330 Економіка взагалі
_2UDC
999 _c342676
_d342676